Loading...
| Religion | 0 | 4 | 0 | 0 | 40 | 60 | 84.00 | 0 | 0 |
| Mythology | 0 | 4 | 1 | 0 | 35 | 44 | 84.25 | 0 | 1 |
| Philosophy | 0 | 3 | 0 | 0 | 30 | 69 | 85.00 | 0 | 3 |
| Science - Biology | 0 | 3 | 1 | 1 | 25 | 79 | 90.00 | 0 | 0 |
| Science - Physics | 0 | 3 | 1 | 1 | 25 | 104 | 109.33 | 0 | 0 |
| Social Science | 0 | 2 | 0 | 0 | 20 | 88 | 88.00 | 0 | 0 |
| History - European History | 0 | 2 | 0 | 1 | 20 | 22 | 59.00 | 0 | 1 |
| Literature - European Literature | 0 | 2 | 0 | 0 | 20 | 92 | 92.00 | 2 | 2 |
| Science - Chemistry | 0 | 2 | 0 | 1 | 20 | 82 | 95.00 | 0 | 0 |
| Current Events | 0 | 2 | 0 | 0 | 20 | 80 | 80.00 | 0 | 2 |
| History - World History | 0 | 1 | 0 | 0 | 10 | 9 | 9.00 | 1 | 1 |
| Literature - British Literature | 0 | 1 | 0 | 0 | 10 | 93 | 93.00 | 0 | 0 |
| Science - Other Science | 0 | 3 | 4 | 2 | 10 | 44 | 82.00 | 0 | 1 |
| History - Other History | 0 | 1 | 0 | 0 | 10 | 71 | 71.00 | 0 | 0 |
| Painting/Sculpture | 0 | 1 | 1 | 0 | 5 | 56 | 56.00 | 0 | 1 |
| History - American History | 0 | 1 | 1 | 0 | 5 | 65 | 65.00 | 0 | 0 |
| Geography | 0 | 1 | 1 | 0 | 5 | 91 | 91.00 | 0 | 0 |
| Fine Arts - Other Fine Arts | 0 | 0 | 0 | 0 | 0 | 0.00 | 0 | 0 |